| 000 | 00463nam a2200157 4500 | ||
|---|---|---|---|
| 001 | 116052 | ||
| 003 | ES-MaACL | ||
| 005 | 20230906190625.0 | ||
| 007 | t| | ||
| 008 | 061121s1971 sp r ||||1| spa d | ||
| 100 | 1 |
_aParicio Ansuategui, Ignacio. _989124 |
|
| 245 | 1 | 0 |
_aPredimensionado de costos en la vivienda / _cIgnacio Paricio Ansuategui. |
| 260 |
_aBarcelona : _bATE, _c1971. |
||
| 300 |
_a261 p. : _bil ; _c24 cm. |
||
| 852 |
_aES-MaACL _jC-40977 _bR.81139 |
||
| 999 |
_c116052 _d116052 |
||